000 00496 a2200157 4500
003 NUST
005 20230222125942.0
040 _cNust
082 _a297.43,REH
100 _a Rehman, Shafeequr
_9109482
245 _aNamaz-E- Nabvi Sahih Ahadees Ki Roshni Mein / نماز نبوی صحیح احادیث کی روشنی میں (Urdu) /
_c Dr Shafeequr Rehman
260 _aPakistan,Lahore
_bDarus Slam
300 _a304:p.
650 _aIslam, Way of Islam
_9109483
942 _2ddc
_cBK
_k297.4,REH
999 _c182763
_d182763